| 000 | 00896nam0a22002651 4500 | ||
|---|---|---|---|
| 001 | rc\3981372 | ||
| 005 | 20260405174515.0 | ||
| 021 |
_aRU _b[56-19119] |
||
| 035 | _a(NLR Aleph) 008061570 | ||
| 090 |
_a9006102 _c9006102 |
||
| 100 | _a20130415d1956 |||y0rusy50 ca | ||
| 101 | 0 | _arus | |
| 102 | _aRU | ||
| 105 | _ay z ||||| | ||
| 200 | 1 | _aВопросы теории советского уголовного процесса | |
| 210 |
_aМосква _cИзд-во Моск. ун-та _d1956 |
||
| 215 |
_a271 с. _d23 |
||
| 606 |
_aУголовный процесс, советский _2psbo |
||
| 700 | 1 |
_8rus _7ca _aПолянский _bН. Н. _cд-р юрид. наук _f1878-1961 _gНиколай Николаевич _3RU\NLR\AUTH\7775734 _958662 |
|
| 801 | 0 |
_aRU _bNLR _gpsbo |
|
| 801 | 1 |
_aRU _bELAR _2rusmarc |
|
| 852 |
_aNLR _jП90 Г-5/86 |
||
| 942 | _cBOOK | ||
| 980 | _aNB | ||